=LDR 00000nam 2200000 4500 =001 INLIS000000000000858 =005 20130612085259 =008 ***********************************Ind** =035 ##$$0010-061300000000858 =041 ##$$a Ind =082 ##$$a 598 =090 ##$$a 598, Pri-m =100 ##$$a Prijono, Siti Nuramaliati =245 ##$$a Memelihara menangkar dan melatih nuri, Siti Nuramaliati Prijono, Sri Hamdini =260 ##$$a 1997 $b Jakarta =300 ##$$a viii, 112 hlm, ilus, 21 cm =650 ##$$a Nuri(Burung) =700 ##$$a Sri Handini =850 ##$$a NBPNMAT